Biblioteca

Tradition and theology in the Old Testament (Registro nro. 46867)

Detalles MARC
000 -LÍDER
Campo fijo de descripción fija 01279nam a22003017a 4500
001 - NÚMERO DE CONTROL
Campo de control 20516
003 - IDENTIFICADOR DEL NÚMERO DE CONTROL
Campo de control CO-MdFUSB
005 - FECHA Y HORA DE LA ULTIMA TRANSACCIÓN
control field 20170721092805.0
008 - ELEMENTOS DE LONGITUD FIJA -- INFORMACIÓN GENERAL
Campo fijo de descripción fija -- Información general 160830t1977 xxu||||f |||| 00| 0 eng d
020 ## - NÚMERO INTERNACIONAL NORMALIZADO PARA LIBROS
Número Internacional Normalizado del libro 0-8006-0484-9
040 ## - FUENTE DE CATALOGACIÓN
Agencia de catalogación original CO-MdFUSB
Idioma de catalogación Español
Agencia que realiza la transcripción CO-MdFUSB
Agencia que realiza la modificación CO-MdFUSB
Convenciones de la descripción rda
041 ## - CÓDIGO DE IDIOMA
Código de idioma para texto/pista de sonido o título separado eng
082 ## - NÚMERO DE CLASIFICACIÓN DECIMAL DEWEY
Número de la edición del Dewey 24
Número de clasificación 221.6
Clave de autor-Numero de item T763t
100 1# - ASIENTO PRINCIPAL--NOMBRE PERSONAL
Nombre personal Knight, Douglas A.
Fechas asociadas con el nombre Editor
245 #0 - TÍTULO
Título del Material Tradition and theology in the Old Testament
Mención de responsabilidad, etc. / editado por Douglas A. Knight
264 #4 - PRODUCCIÓN, PUBLICACIÓN, DISTRIBUCIÓN, MANUFACTURA, Y COPYRIGHT
Lugar de producción, publicación, distribución, manufactura Philadelphia, Pennsylvania :
Nombre del productor, publicador, distribuidor Fortress Press,
Fecha de producción, publicación, distribución, manufactura, o copyright ©1977
300 ## - DESCRIPCIÓN FÍSICA
Extensión xiv, 336 páginas
336 ## - TIPO DE CONTENIDO
Fuente rdacontent
Término de tipo de contenido
Código de tipo de contenido
337 ## - TIPO DE MEDIO
Fuente rdamedia
Nombre del tipo de medio
Código del tipo de medio
338 ## - TIPO DE SOPORTE
Fuente rdacarrier
Nombre del tipo de soporte
Código Tipo de soporte
500 ## - NOTA GENERAL
Nota General Incluye índices
501 ## - NOTA DE “CON”
Nota de Contenido Pasta dura
505 00 - NOTA DE CONTENIDO
Nota de contenido con formato preestablecido La vida, la fe y la aparición de la tradición -- El impacto del Cercano Oriente Antiguo en la tradición israelita -- Tradición e historia -- Proclamación profética y reinterpretación -- Tradición y culto -- La tradición y la expresión oral -- Las corrientes teológicas de la tradición -- La continuidad y la discontinuidad -- Tradición y Escritura
653 ## - TÉRMINO DE INDIZACIÓN - NO CONTROLADO
Término no controlado Tradition (Theology) -- Biblical teaching
653 ## - TÉRMINO DE INDIZACIÓN - NO CONTROLADO
Término no controlado La tradición (Teología) -- enseñanza bíblica
942 ## - TIPO DE MATERIAL (KOHA)
Tipo de Item KOHA Libros General
Existencias
Estado de Material Estado de Perdido Forma de Clasificación Estado de Dañado No para Préstamo Colección Tomo Biblioteca de Origen Biblioteca Permanente Fecha de Adquisición Total de Préstamos Signatura Topográfica Código de Barras Última vez visto Ejemplar/Existencia Fecha de Remplazo Tipo de Material
    Dewey Decimal Classification     Colección General   Biblioteca FUSBC Biblioteca FUSBC 30/07/2015   G 221.6 T763t 20353 12/12/2019 Ej. 1 26/01/2016 Libros General

Biblioteca FUSBC | Teléfono: (57+4) 349 88 10 Ext. 141| WhatsApp (+57) 3005338115 
E-mail: biblioteca@unisbc.edu.co | Calle 76 87-14 Robledo Palenque, Medellín, Colombia

Con tecnología Koha